| 000 | 00516cam a2200169 4500500 | ||
|---|---|---|---|
| 005 | 20260329003949.0 | ||
| 041 | _afre | ||
| 042 | _adc | ||
| 100 | 1 | 0 |
_aNathan, Tobie _eauthor |
| 245 | 0 | 0 | _aKebab. C’est bon pour le social ! |
| 260 | _c2017. | ||
| 500 | _a63 | ||
| 690 | _aKebab | ||
| 690 | _aTobie Nathan | ||
| 786 | 0 | _nPhilosophie magazine | 114 | 11 | 2017-11-01 | p. 11-11 | 1951-1787 | |
| 856 | 4 | 1 | _uhttps://shs.cairn.info/magazine-philosophie-magazine-2017-11-page-11?lang=fr&redirect-ssocas=7080 |
| 999 |
_c1829318 _d1829318 |
||